Mensajes y noticia histórica / (Record no. 41139)

MARC details
000 -LEADER
campo de control de longitud fija 00531nam a2200169 i 4500
001 - NÚMERO DE CONTROL
campo de control 41139
003 - IDENTIFICADOR DE NÚMERO DE CONTROL
campo de control ES-MaACL
005 - FECHA Y HORA DE LA ÚLTIMA TRANSACCIÓN
campo de control 20230906160359.0
007 - CAMPO FIJO DE DESCRIPCIÓN FÍSICA--INFORMACIÓN GENERAL
campo de control de longitud fija t|
008 - DATOS DE LONGITUD FIJA--INFORMACIÓN GENERAL
campo de control de longitud fija 030310s1899 sp ||||1| spa d
100 1# - ENTRADA PRINCIPAL--NOMBRE DE PERSONA
Nombre de persona Cascajares y Azara, Antonio María.
9 (RLIN) 36264
245 10 - MENCIÓN DEL TÍTULO
Título Mensajes y noticia histórica /
Mención de responsabilidad, etc. Cardenal Cascajares.
260 ## - PUBLICACIÓN, DISTRIBUCIÓN, ETC.
Lugar de publicación, distribución, etc. Burgos :
Nombre del editor, distribuidor, etc. Polo,
Fecha de publicación, distribución, etc. 1899.
500 ## - NOTA GENERAL
Nota general Precede al tít.: Congreso Católico de Burgos.
711 2# - ENTRADA AGREGADA--NOMBRE DE REUNIÓN
Nombre de congreso/reunión o jurisdicción como elemento de entrada Congreso Católico de Burgos (
Fecha del congreso o de la firma del tratado 1899.
Sede del congreso/Lugar de la reunión Burgos)
9 (RLIN) 287
852 ## - LOCALIZACIÓN
Ubicación ES-MaACL
Número de control de estantería T-919-F-5
Holdings
Estatus retirado Estado de pérdida Estado de daño No para préstamo Colección Biblioteca de origen Biblioteca actual Ubicación en estantería Fecha de adquisición Fuente de adquisición Total de préstamos Signatura topográfica completa Código de barras Visto por última vez Precio de reemplazo Tipo de ítem Koha
        Colección de folletos Biblioteca del Ateneo de Madrid Biblioteca del Ateneo de Madrid Depósito folletos 17/01/2008     T-919-F-5 1043310 23/02/2023 23/02/2023 Folleto